[Event "Lippe Cup-B 07th"]
[Site "Lieme"]
[Date "2010.10.16"]
[Round "3"]
[White "Nasdalak, Joachim"]
[Black "Martens, Julian"]
[Result "1-0"]
[WhiteElo "1479"]
[BlackElo "1634"]
[PlyCount "61"]
[EventDate "2010.10.15"]
[EventType "swiss"]
[EventRounds "5"]
[EventCountry "GER"]
[SourceTitle "EXT 2012"]
[Source "ChessBase"]
[SourceDate "2011.11.24"]
[SourceVersion "1"]
[SourceVersionDate "2011.11.24"]
[SourceQuality "1"]

1. c4 e5 2. Nc3 Nc6 3. Nf3 g6 4. d4 exd4 5. Nxd4 Bg7 6. Nxc6 bxc6 7. g3 Ne7 8. Bg2 0-0 9. Qa4 d5 10. cxd5 cxd5 11. 0-0 c6 12. Bg5 f6 13. Be3 Re8 14. Bc5 Bb7 15. Rad1 f5 16. e4 fxe4 17. Nxe4 Nc8 18. Qb4 Qc7 19. Ng5 h6 20. Nf3 Nb6 21. b3 Rad8 22. Nd4 Nd7 23. Rfe1 Nxc5 24. Qxc5 Bxd4 25. Rxe8+ Rxe8 26. Bxd5+ Kh7 27. Rxd4 Rd8 28. Bc4 Rxd4 29. Qxd4 Ba8 30. Qf6 Qd7 31. Qf8 1-0

[Event "Lippe Cup 06th"]
[Site "Lieme"]
[Date "2009.10.17"]
[Round "3"]
[White "Nasdalak, Joachim"]
[Black "Szobries, Harald"]
[Result "0-1"]
[WhiteElo "1542"]
[BlackElo "1747"]
[PlyCount "69"]
[EventDate "2009.10.16"]
[EventType "swiss"]
[EventRounds "5"]
[EventCountry "GER"]
[SourceTitle "EXT 2013"]
[Source "ChessBase"]
[SourceDate "2012.11.22"]
[SourceVersion "1"]
[SourceVersionDate "2012.11.22"]
[SourceQuality "1"]

1. c4 e5 2. Nc3 d6 3. d4 exd4 4. Qxd4 Nc6 5. Qd1 Nf6 6. Nf3 Be7 7. g3 0-0 8. Bg2 Be6 9. b3 a5 10. Nd4 Nxd4 11. Qxd4 c6 12. 0-0 d5 13. Bb2 dxc4 14. Qxd8 Rfxd8 15. bxc4 Bxc4 16. Na4 Bb5 17. Nc3 Bc4 18. Na4 Bd5 19. Bxf6 Bxf6 20. Rab1 Bxg2 21. Kxg2 b5 22. Nc5 Be7 23. Nd3 b4 24. Rfc1 Rac8 25. Rc4 c5 26. Rbc1 Rd7 27. Nxc5 Rdc7 28. Re4 Rxc5 29. Rxc5 Bxc5 30. Rc4 Rc7 31. f4 f5 32. Kf3 Bb6 33. Rxc7 Bxc7 34. e4 a4 35. Ke3 0-1

[Event "Lippe Cup 06th"]
[Site "Lieme"]
[Date "2009.10.16"]
[Round "1"]
[White "Fechner, Matthias"]
[Black "Nasdalak, Joachim"]
[Result "1/2-1/2"]
[WhiteElo "1079"]
[BlackElo "1542"]
[PlyCount "100"]
[EventDate "2009.10.16"]
[EventType "swiss"]
[EventRounds "5"]
[EventCountry "GER"]
[SourceTitle "EXT 2013"]
[Source "ChessBase"]
[SourceDate "2012.11.22"]
[SourceVersion "1"]
[SourceVersionDate "2012.11.22"]
[SourceQuality "1"]

1. e4 c6 2. d4 d5 3. Nc3 dxe4 4. Nxe4 Bf5 5. Ng3 Bg6 6. Nf3 h6 7. c3 Nd7 8. Bf4 Qb6 9. Qd2 Ngf6 10. b3 e6 11. Bd3 Bxd3 12. Qxd3 Nd5 13. Ne2 Nxf4 14. Nxf4 0-0-0 15. 0-0 e5 16. dxe5 g6 17. Qe2 Bg7 18. Rad1 Rhe8 19. e6 fxe6 20. Nxe6 c5 21. Rfe1 Bxc3 22. Qd3 Bxe1 23. Nxd8 Bxf2+ 24. Kxf2 Rxd8 25. Qd6 Nf6 26. Qxd8+ Qxd8 27. Rxd8+ Kxd8 28. Ne5 Kc7 29. Nxg6 Kd6 30. Kf3 b5 31. Kf4 Kd5 32. Ne7+ Ke6 33. Nf5 h5 34. h3 a5 35. g4 hxg4 36. hxg4 c4 37. Nd4+ Kd5 38. Nxb5 Kc5 39. bxc4 Kxc4 40. g5 Ng8 41. Nd6+ Kb4 42. Kf5 a4 43. Ke6 Ka3 44. Kf7 Kxa2 45. Kxg8 Kb3 46. Nb5 Kb4 47. Kf7 Kxb5 48. g6 a3 49. g7 a2 50. g8Q a1Q 1/2-1/2

[Event "Lippe Cup 01st"]
[Site "Lieme"]
[Date "2004.10.22"]
[Round "1"]
[White "Koesling, Dieter"]
[Black "Nasdalak, Joachim"]
[Result "0-1"]
[WhiteElo "1416"]
[BlackElo "1659"]
[PlyCount "62"]
[EventDate "2004.10.22"]
[EventType "swiss"]
[EventRounds "5"]
[EventCountry "GER"]
[SourceTitle "EXT 2012"]
[Source "ChessBase"]
[SourceDate "2011.11.24"]
[SourceVersion "1"]
[SourceVersionDate "2011.11.24"]
[SourceQuality "1"]

1. e4 c5 2. Nf3 a6 3. d4 cxd4 4. Nxd4 Nf6 5. Nc3 e5 6. Nb3 Bb4 7. Bd3 d5 8. exd5 e4 9. Be2 Nxd5 10. Bd2 Nxc3 11. bxc3 Bd6 12. 0-0 0-0 13. Nd4 Be5 14. Be3 Qc7 15. Qd2 Bxh2+ 16. Kh1 Be5 17. f3 exf3 18. gxf3 Qe7 19. Bg5 Qd7 20. f4 Qh3+ 21. Kg1 Qg3+ 22. Kh1 Qh3+ 23. Kg1 Bxd4+ 24. cxd4 h6 25. Be7 Re8 26. Bb4 Re3 27. Rab1 Qg3+ 28. Kh1 Qh4+ 29. Kg1 Rg3+ 30. Kf2 Rh3+ 31. Kg1 Qg3# 0-1